| 000 | 00582nam a2200193 4500 | ||
|---|---|---|---|
| 001 | 139176 | ||
| 003 | ES-MaACL | ||
| 005 | 20230906195722.0 | ||
| 007 | t| | ||
| 008 | 070214s1985 xxu r ||||1| eng d | ||
| 100 | 1 |
_aScanlon, Leo J. _9104138 |
|
| 245 | 1 | 0 |
_aIBM PC & XT Assembly Language _b: a guide for programmers, enhanced and enlarged / _cLeo J. Scanlon. |
| 260 |
_aNew York : _bPrentice Hall, _c1985. |
||
| 300 |
_aXII, 395 p. ; _c24 cm. |
||
| 490 | 1 | _aA Brady book | |
| 830 | 0 |
_aA Brady book _9220201 |
|
| 852 |
_aES-MaACL _jL-11632 _bR.113306 |
||
| 999 |
_c139176 _d139176 |
||